000 00430nam a2200193Ia 4500
005 20250603145317.0
008 250603s9999 xx 000 0 und d
020 _a0-273-64628-1
050 _aHD 30.22 .D3/
100 _aHoward Davies
245 0 _aManagerial Economics
250 _a3rd ed.
260 _aHarlow
260 _bPearson Education
260 _c2001
300 _a536 p
650 _aHarlow
942 _cBK
999 _c41486
_d41486